[Event "9th RTU Open 2019"]
[Site "Riga"]
[Date "2019.08.09"]
[Round "8.2"]
[White "Gajewski, Grzegorz"]
[Black "Nevednichy, Vladislav"]
[Result "1-0"]
[WhiteElo "2613"]
[BlackElo "2516"]
[Annotator "TA"]
[PlyCount "109"]
[EventDate "2019.08.05"]
[EventType "swiss"]
[EventCountry "LAT"]
[SourceTitle "playchess.com"]
[Source "ChessBase"]
[SourceQuality "1"]

{[%evp 9,109,22,18,13,17,13,16,17,14,18,16,8,15,-24,-17,-34,-33,-7,6,21,13,18,1,12,3,10,75,58,84,83,71,86,141,139,171,181,169,161,255,277,378,368,367,349,358,276,274,284,274,275,289,293,303,319,364,285,272,260,318,297,433,424,420,433,608,608,608,608,608,608,608,608,619,612,587,587,1098,1052,908,845,1367,1367,1367,1367,1367,1266,1222,912,893,893,29973,29974,29970,4144,29979,29980,29980,29981,29981,29981,29980,29980]} 1. d4 d5 2. c4 e6 3. Nc3 Nf6 4. Nf3 a6 5. cxd5 exd5 6. Bf4 {D37: Queen's Gambit Declined: 5 Bf4} (6. Bg5 Be6 7. e3 Nbd7 8. Bd3 h6 9. Bf4 g5 10. Bg3 Nh5 11. Be5 Nhf6 12. Bg3 Nh5 13. Ne2 Nxg3 14. Nxg3 {1-0 (61) Leko,P (2679)-Caruana,F (2832) Germany 2019}) 6... Bd6 7. Be5 c6 8. e3 {The position is equal.} O-O 9. Bd3 Bxe5 $146 ({Predecessor:} 9... Bg4 10. Qc2 Re8 11. Bxd6 Qxd6 12. Ne5 Be6 13. Na4 Qb4+ {0-1 (59) Kavutskiy,K (2390)-Bindrich,F (2598) Douglas 2017}) 10. Nxe5 Nbd7 11. f4 Nxe5 12. fxe5 Ng4 $1 {aiming for ...Qg5.} 13. Qf3 f6 14. O-O Bd7 15. h3 {e6 is the strong threat.} Nh6 16. Qg3 fxe5 17. Qxe5 Rxf1+ (17... Nf7 $11 {keeps the balance.} 18. Qh5 Nh6) 18. Rxf1 $16 (18. Kxf1 Qb6 $15) 18... Qe8 19. Qf4 Qe7 20. e4 $40 {[%mdl 128] White is out for blood.} dxe4 ({Black should try} 20... Be6) 21. Nxe4 ({Don't play} 21. Bxe4 $6 Re8 $14) 21... Bf5 {[#]} 22. Bc4+ $1 Kh8 23. Nd6 Bg6 (23... b5 $142) 24. Qe5 $18 Qd7 25. Be6 Qe7 {[#]} 26. Bc8 $1 Ng8 27. Qxe7 Nxe7 28. Bxb7 Rb8 29. Bxa6 h5 30. Re1 Nd5 31. Bb7 Nf4 32. b3 ({Less strong is} 32. Bxc6 Rxb2 33. a4 Rc2 $16) 32... Rd8 33. Nc4 Nd3 34. Re6 Nf4 (34... Kh7 $142 35. a4 Rxd4 36. Rxc6 Re4) 35. Rxc6 Rxd4 36. Rd6 Rxd6 (36... Rd3 $142 37. Rxd3 Nxd3) 37. Nxd6 {[%mdl 4096] Endgame KBN-KBN} Ne2+ 38. Kf2 Nc1 39. a4 Nxb3 40. Ke3 Bc2 {If Black can now play ...Na5 this consolidates a bit.} 41. Bc6 Na5 42. Bb5 g6 43. Kd2 Bb3 44. Kc3 Bd1 45. Kb4 Nb3 46. a5 Nxa5 47. Kxa5 Kg7 48. Kb4 Kf6 49. Kc3 Ke5 50. Nc4+ Kf4 51. Nb2 Kg3 52. Nxd1 {White mates.} Kxg2 53. Bd7 g5 54. Ne3+ Kg3 55. Kd4 {Accuracy: White = 91%, Black = 45%.} 1-0

[Event "9th RTU Open 2019"]
[Site "Riga"]
[Date "2019.08.09"]
[Round "8.3"]
[White "Puranik, Abhimanyu"]
[Black "Fedorov, Nikita M"]
[Result "1-0"]
[WhiteElo "2550"]
[BlackElo "1669"]
[Annotator "ChessBase"]
[PlyCount "93"]
[EventDate "2019.08.05"]
[EventType "swiss"]
[EventCountry "LAT"]
[SourceTitle "playchess.com"]
[Source "ChessBase"]
[SourceQuality "1"]
[TimeControl "5400+30"]

1. e4 {[%emt 0:00:00]} c5 {[%emt 0:00:00]} 2. Nf3 {[%emt 0:00:00]} e6 {[%emt 0:00:17]} 3. d4 {[%emt 0:00:00]} cxd4 {[%emt 0:00:07]} 4. Nxd4 {[%emt 0:00:01]} Nc6 {[%emt 0:00:06]} 5. Nc3 {[%emt 0:00:28]} Qc7 {[%emt 0:00:18]} 6. Be3 {[%emt 0:00:18]} a6 {[%emt 0:00:11]} 7. Qd2 {[%emt 0:00:16]} Nf6 {[%emt 0:00:18]} 8. f4 {[%emt 0:00:31]} b5 {[%emt 0:04:43]} 9. e5 {[%emt 0:04:43]} b4 {[%emt 0:01:37]} 10. Ncb5 {[%emt 0:01:24]} axb5 {[%emt 0:00:23]} 11. Nxb5 {[%emt 0:00:05]} Qb8 {[%emt 0:01:00]} 12. exf6 {[%emt 0:00:05]} gxf6 {[%emt 0:01:08]} 13. a4 {[%emt 0:00:34]} bxa3 {[%emt 0:08:26]} 14. bxa3 {[%emt 0:00:09]} Ba6 {[%emt 0:03:22]} 15. Rb1 {[%emt 0:01:35]} Be7 {[%emt 0:08:14]} 16. g3 {[%emt 0:04:21]} h5 {[%emt 0:03:11]} 17. a4 {[%emt 0:09:39]} Bb7 {[%emt 0:04:50]} 18. Bg2 {[%emt 0:08:12]} Rxa4 {[%emt 0:13:55]} 19. O-O {[%emt 0:04:57]} h4 {[%emt 0:08:14]} 20. Nc3 {[%emt 0:11:33]} Rb4 {[%emt 0:04:56]} 21. Ne4 {[%emt 0:07:14]} hxg3 {[%emt 0:05:26]} 22. hxg3 {[%emt 0:00:06]} Ba6 {[%emt 0:04:45]} 23. Rxb4 {[%emt 0:00:32]} Qxb4 {[%emt 0:00:10]} 24. Qxb4 {[%emt 0:12:06]} Nxb4 {[%emt 0:00:13]} 25. Rb1 {[%emt 0:00:20]} Nc6 {[%emt 0:07:59]} 26. Nc5 {[%emt 0:06:51]} Bc8 {[%emt 0:02:27]} 27. Bxc6 {[%emt 0:02:08]} dxc6 {[%emt 0:00:04]} 28. Rb6 {[%emt 0:01:40]} Bxc5 {[%emt 0:08:53]} 29. Bxc5 {[%emt 0:00:05]} Kd7 {[%emt 0:00:05]} 30. Rb3 {[%emt 0:05:40]} e5 {[%emt 0:05:35]} 31. Rd3+ {[%emt 0:04:23]} Ke6 {[%emt 0:00:02]} 32. Rd6+ {[%emt 0:01:26]} Kf5 {[%emt 0:00:08]} 33. Rxc6 {[%emt 0:00:06]} Be6 {[%emt 0:01:03]} 34. Be7 {[%emt 0:03:36]} Rh3 {[%emt 0:00:37]} 35. fxe5 {[%emt 0:01:52]} fxe5 {[%emt 0:00:46]} 36. Bh4 {[%emt 0:00:59]} Kg4 {[%emt 0:00:11]} 37. Rc5 {[%emt 0:02:12]} f6 {[%emt 0:00:40]} 38. Kg2 {[%emt 0:02:43]} Bf7 {[%emt 0:02:58]} 39. Rb5 {[%emt 0:01:15]} Be6 {[%emt 0:01:33]} 40. Rb4+ {[%emt 0:00:36]} Kh5 {[%emt 0:00:06]} 41. Bxf6 {[%emt 0:01:19]} e4 {[%emt 0:00:39]} 42. Bh4 {[%emt 0:00:57]} Bd7 {[%emt 0:00:51]} 43. Rb7 {[%emt 0:00:45]} Bc8 {[%emt 0:00:25]} 44. Rc7 {[%emt 0:00:37]} Bg4 {[%emt 0:00:30]} 45. Rc5+ {[%emt 0:00:34]} Kh6 {[%emt 0:00:05]} 46. Re5 {[%emt 0:00:08]} Bc8 {[%emt 0:01:00]} 47. c4 {[%emt 0:00:14]} 1-0

[Event "9th RTU Open 2019"]
[Site "Riga"]
[Date "2019.08.09"]
[Round "8.4"]
[White "Pultinevicius, Paulius"]
[Black "Theodorou, Nikolas"]
[Result "1-0"]
[WhiteElo "2485"]
[BlackElo "2548"]
[Annotator "ChessBase"]
[PlyCount "161"]
[EventDate "2019.08.05"]
[EventType "swiss"]
[EventCountry "LAT"]
[SourceTitle "playchess.com"]
[Source "ChessBase"]
[SourceQuality "1"]
[TimeControl "5400+30"]

1. d4 {[%emt 0:00:00]} Nf6 {[%emt 0:03:32]} 2. c4 {[%emt 0:00:00]} g6 {[%emt 0:00:26]} 3. Nc3 {[%emt 0:00:10]} Bg7 {[%emt 0:00:04]} 4. e4 {[%emt 0:00:07]} d6 {[%emt 0:00:04]} 5. h3 {[%emt 0:00:08]} O-O {[%emt 0:00:05]} 6. Be3 {[%emt 0:00:04]} Na6 {[%emt 0:00:46]} 7. Bd3 {[%emt 0:01:28]} c6 {[%emt 0:01:39]} 8. Nf3 {[%emt 0:01:09]} e5 {[%emt 0:00:58]} 9. d5 {[%emt 0:00:45]} cxd5 {[%emt 0:00:05]} 10. cxd5 {[%emt 0:00:04]} Ne8 {[%emt 0:00:04]} 11. Rb1 {[%emt 0:07:53]} f5 {[%emt 0:01:45]} 12. b4 {[%emt 0:01:33]} f4 {[%emt 0:02:24]} 13. Bc1 {[%emt 0:05:05]} g5 {[%emt 0:11:31]} 14. Nd2 {[%emt 0:04:22]} Nac7 {[%emt 0:04:44]} 15. a4 {[%emt 0:03:09]} Nf6 {[%emt 0:01:00]} 16. Nc4 {[%emt 0:09:03]} Rf7 {[%emt 0:03:04]} 17. b5 {[%emt 0:03:26]} Nce8 {[%emt 0:02:11]} 18. Be2 {[%emt 0:02:53]} Bf8 {[%emt 0:03:46]} 19. g4 {[%emt 0:18:12]} fxg3 {[%emt 0:06:30]} 20. fxg3 {[%emt 0:00:05]} h6 {[%emt 0:01:07]} 21. b6 {[%emt 0:05:50]} a6 {[%emt 0:02:24]} 22. Be3 {[%emt 0:01:32]} Ng7 {[%emt 0:06:53]} 23. Na5 {[%emt 0:08:46]} Bxh3 {[%emt 0:05:42]} 24. g4 {[%emt 0:06:13]} Qc8 {[%emt 0:16:26]} 25. Rc1 {[%emt 0:00:22]} Bxg4 {[%emt 0:03:39]} 26. Rxh6 {[%emt 0:01:03]} Ngh5 {[%emt 0:06:36]} 27. Rxh5 {[%emt 0:03:52]} Bxh5 {[%emt 0:01:35]} 28. Bxh5 {[%emt 0:00:05]} Rh7 {[%emt 0:01:09]} 29. Bf3 {[%emt 0:00:05]} Rh2 {[%emt 0:07:51]} 30. Bg1 {[%emt 0:02:15]} Rb2 {[%emt 0:00:39]} 31. Rc2 {[%emt 0:03:18]} g4 {[%emt 0:00:01]} 32. Bg2 {[%emt 0:03:17]} Rxc2 {[%emt 0:00:07]} 33. Qxc2 {[%emt 0:00:03]} Nh5 {[%emt 0:00:03]} 34. Bf1 {[%emt 0:01:51]} Nf4 {[%emt 0:00:13]} 35. Bf2 {[%emt 0:01:43]} Qd7 {[%emt 0:00:50]} 36. Nd1 {[%emt 0:02:42]} Rc8 {[%emt 0:00:37]} 37. Nc4 {[%emt 0:00:27]} Qh7 {[%emt 0:02:28]} 38. Nde3 {[%emt 0:00:15]} Qh1 {[%emt 0:03:02]} 39. Qd1 {[%emt 0:01:00]} Rxc4 {[%emt 0:00:52]} 40. Nxc4 {[%emt 0:02:05]} Qxe4+ {[%emt 0:00:36]} 41. Be3 {[%emt 0:01:10]} Bg7 {[%emt 0:02:01]} 42. Kf2 {[%emt 0:01:55]} Nxd5 {[%emt 0:00:34]} 43. Bg2 {[%emt 0:00:39]} Qf5+ {[%emt 0:00:52]} 44. Ke1 {[%emt 0:00:28]} e4 {[%emt 0:00:16]} 45. Qb3 {[%emt 0:01:12]} Bc3+ {[%emt 0:00:46]} 46. Nd2 {[%emt 0:00:33]} Kf8 {[%emt 0:00:16]} 47. Bh6+ {[%emt 0:00:36]} Ke7 {[%emt 0:00:15]} 48. Qc4 {[%emt 0:00:35]} e3 {[%emt 0:00:21]} 49. Qxd5 {[%emt 0:00:28]} Qf2+ {[%emt 0:01:05]} 50. Kd1 {[%emt 0:00:02]} e2+ {[%emt 0:00:05]} 51. Kc2 {[%emt 0:00:03]} e1=Q {[%emt 0:00:20]} 52. Qxb7+ {[%emt 0:00:13]} Kf6 {[%emt 0:01:07]} 53. Bg7+ {[%emt 0:00:32]} Kg5 {[%emt 0:00:16]} 54. Bxc3 {[%emt 0:00:12]} Qfe2 {[%emt 0:00:41]} 55. Qd5+ {[%emt 0:00:39]} Kh4 {[%emt 0:00:12]} 56. Kb2 {[%emt 0:01:03]} Q1f2 {[%emt 0:00:40]} 57. b7 {[%emt 0:00:11]} Qb6+ {[%emt 0:00:21]} 58. Qb3 {[%emt 0:00:22]} Qxb3+ {[%emt 0:00:30]} 59. Kxb3 {[%emt 0:00:04]} Qe8 {[%emt 0:00:41]} 60. Bd4 {[%emt 0:00:29]} Qb8 {[%emt 0:00:38]} 61. Nc4 {[%emt 0:00:09]} Kg3 {[%emt 0:00:25]} 62. Bd5 {[%emt 0:00:14]} Kh2 {[%emt 0:00:34]} 63. Nb6 {[%emt 0:00:47]} Qf8 {[%emt 0:00:19]} 64. Nd7 {[%emt 0:00:54]} Qf5 {[%emt 0:00:02]} 65. b8=Q {[%emt 0:01:34]} Qxd5+ {[%emt 0:00:05]} 66. Kc3 {[%emt 0:00:10]} g3 {[%emt 0:01:20]} 67. Qh8+ {[%emt 0:00:44]} Kg2 {[%emt 0:00:04]} 68. Nb6 {[%emt 0:00:05]} Qf3+ {[%emt 0:00:55]} 69. Kb4 {[%emt 0:00:19]} Qd3 {[%emt 0:00:46]} 70. Qa8+ {[%emt 0:00:13]} Kh2 {[%emt 0:00:26]} 71. Qd5 {[%emt 0:00:30]} Qd2+ {[%emt 0:00:09]} 72. Bc3 {[%emt 0:00:27]} Qf4+ {[%emt 0:00:55]} 73. Qd4 {[%emt 0:00:12]} Qf5 {[%emt 0:00:31]} 74. Qxd6 {[%emt 0:00:19]} a5+ {[%emt 0:00:03]} 75. Kc4 {[%emt 0:00:15]} Qf1+ {[%emt 0:00:14]} 76. Kc5 {[%emt 0:01:00]} Qf5+ {[%emt 0:01:03]} 77. Qe5 {[%emt 0:00:08]} Qf8+ {[%emt 0:00:23]} 78. Kb5 {[%emt 0:00:08]} Kh1 {[%emt 0:00:11]} 79. Qh8+ {[%emt 0:00:12]} Qxh8 {[%emt 0:00:18]} 80. Bxh8 {[%emt 0:00:05]} g2 {[%emt 0:00:04]} 81. Bd4 {[%emt 0:00:04]} 1-0

[Event "9th RTU Open 2019"]
[Site "Riga"]
[Date "2019.08.09"]
[Round "8.5"]
[White "Haria, Ravi"]
[Black "Sulskis, Sarunas"]
[Result "0-1"]
[WhiteElo "2430"]
[BlackElo "2519"]
[Annotator "ChessBase"]
[PlyCount "122"]
[EventDate "2019.08.05"]
[EventType "swiss"]
[EventCountry "LAT"]
[SourceTitle "playchess.com"]
[Source "ChessBase"]
[SourceQuality "1"]
[TimeControl "5400+30"]

1. Nf3 {[%emt 0:00:00]} d5 {[%emt 0:00:00]} 2. g3 {[%emt 0:00:09]} c6 {[%emt 0:00:40]} 3. Bg2 {[%emt 0:00:23]} Nf6 {[%emt 0:00:13]} 4. c4 {[%emt 0:00:58]} dxc4 {[%emt 0:01:50]} 5. O-O {[%emt 0:00:52]} Nbd7 {[%emt 0:05:16]} 6. Na3 {[%emt 0:00:37]} Nb6 {[%emt 0:01:12]} 7. Ne5 {[%emt 0:01:10]} Be6 {[%emt 0:01:25]} 8. Qc2 {[%emt 0:00:59]} h5 {[%emt 0:02:44]} 9. h4 {[%emt 0:07:10]} Qd4 {[%emt 0:08:48]} 10. Nxc6 {[%emt 0:09:43]} bxc6 {[%emt 0:03:39]} 11. Bxc6+ {[%emt 0:02:50]} Bd7 {[%emt 0:00:32]} 12. Bxa8 {[%emt 0:03:34]} Nxa8 {[%emt 0:00:17]} 13. Qxc4 {[%emt 0:03:05]} Qb6 {[%emt 0:10:03]} 14. d3 {[%emt 0:09:42]} Qb7 {[%emt 0:10:22]} 15. Re1 {[%emt 0:17:14]} e6 {[%emt 0:06:13]} 16. Be3 {[%emt 0:05:18]} Nb6 {[%emt 0:05:03]} 17. Qc2 {[%emt 0:02:20]} Bxa3 {[%emt 0:07:40]} 18. bxa3 {[%emt 0:00:30]} O-O {[%emt 0:00:07]} 19. Rab1 {[%emt 0:02:10]} e5 {[%emt 0:02:57]} 20. f3 {[%emt 0:13:47]} Re8 {[%emt 0:04:58]} 21. Rec1 {[%emt 0:07:15]} Qa6 {[%emt 0:01:22]} 22. Qc5 {[%emt 0:00:53]} Be6 {[%emt 0:06:17]} 23. Qd6 {[%emt 0:04:26]} Qa5 {[%emt 0:03:24]} 24. Qc5 {[%emt 0:00:58]} Qa4 {[%emt 0:02:04]} 25. Qb4 {[%emt 0:01:01]} Qd7 {[%emt 0:01:43]} 26. Qb5 {[%emt 0:00:47]} Qd8 {[%emt 0:02:10]} 27. Bxb6 {[%emt 0:01:42]} axb6 {[%emt 0:00:06]} 28. Qxb6 {[%emt 0:00:12]} Qa8 {[%emt 0:00:34]} 29. Qc5 {[%emt 0:03:17]} Nd7 {[%emt 0:02:20]} 30. Qe3 {[%emt 0:00:45]} Qxa3 {[%emt 0:00:19]} 31. Rc2 {[%emt 0:00:12]} Qd6 {[%emt 0:01:19]} 32. Rbc1 {[%emt 0:00:19]} Nf6 {[%emt 0:00:38]} 33. Qc5 {[%emt 0:00:58]} Qb8 {[%emt 0:01:28]} 34. Qc7 {[%emt 0:00:35]} Qa8 {[%emt 0:01:15]} 35. Qc6 {[%emt 0:00:30]} Qd8 {[%emt 0:00:30]} 36. Qc5 {[%emt 0:00:11]} Qb8 {[%emt 0:03:16]} 37. Kg2 {[%emt 0:00:49]} Kh7 {[%emt 0:00:41]} 38. Kf2 {[%emt 0:01:00]} Rc8 {[%emt 0:01:02]} 39. Qe3 {[%emt 0:00:09]} Rxc2 {[%emt 0:01:11]} 40. Rxc2 {[%emt 0:00:02]} Nd5 {[%emt 0:00:22]} 41. Qc5 {[%emt 0:01:17]} Qb1 {[%emt 0:00:37]} 42. Rc1 {[%emt 0:00:34]} Qxa2 {[%emt 0:00:14]} 43. Qc2 {[%emt 0:00:29]} Qa7+ {[%emt 0:01:09]} 44. Qc5 {[%emt 0:00:28]} Qb8 {[%emt 0:00:15]} 45. d4 {[%emt 0:00:24]} e4 {[%emt 0:01:03]} 46. Qc2 {[%emt 0:00:40]} Nf6 {[%emt 0:01:03]} 47. fxe4 {[%emt 0:00:21]} Ng4+ {[%emt 0:00:23]} 48. Kf3 {[%emt 0:00:05]} Qd8 {[%emt 0:00:22]} 49. e5+ {[%emt 0:00:58]} g6 {[%emt 0:00:06]} 50. Rd1 {[%emt 0:00:27]} Qa8+ {[%emt 0:01:21]} 51. e4 {[%emt 0:00:15]} Qa3+ {[%emt 0:00:17]} 52. Rd3 {[%emt 0:00:42]} Qa1 {[%emt 0:00:49]} 53. Rd1 {[%emt 0:00:05]} Qa6 {[%emt 0:01:02]} 54. d5 {[%emt 0:01:04]} Qa3+ {[%emt 0:00:51]} 55. Ke2 {[%emt 0:00:32]} Qe3+ {[%emt 0:00:30]} 56. Kf1 {[%emt 0:00:04]} Qxg3 {[%emt 0:00:19]} 57. Rd3 {[%emt 0:00:49]} Nh2+ {[%emt 0:01:04]} 58. Ke2 {[%emt 0:00:26]} Bg4+ {[%emt 0:00:47]} 59. Kd2 {[%emt 0:00:04]} Nf3+ {[%emt 0:00:16]} 60. Kc1 {[%emt 0:01:03]} Qf4+ {[%emt 0:00:22]} 61. Kb1 {[%emt 0:00:36]} Ne1 {[%emt 0:00:32]} 0-1

[Event "9th RTU Open 2019"]
[Site "Riga"]
[Date "2019.08.09"]
[Round "8.6"]
[White "Abasov, Nijat"]
[Black "Mikaelyan, Arman"]
[Result "1/2-1/2"]
[WhiteElo "2641"]
[BlackElo "2454"]
[Annotator "TA"]
[PlyCount "112"]
[EventDate "2019.08.05"]
[EventType "swiss"]
[EventCountry "LAT"]
[SourceTitle "playchess.com"]
[Source "ChessBase"]
[SourceQuality "1"]

{[%evp 16,112,18,21,26,18,27,25,22,18,27,22,22,22,22,14,34,34,34,15,15,14,11,21,49,48,156,150,168,154,162,164,162,144,152,151,160,161,192,173,287,281,272,271,271,268,247,250,203,166,206,222,202,219,204,191,124,0,0,0,0,0,0,0,0,0,0,0,0,0,0,8,2,2,2,0,0,0,0,0,0,0,0,0,0,0,0,0,0,0,0,0,0,0,0,0,0,0,0]} 1. e4 c5 2. Nf3 Nc6 3. Bb5 g6 4. Bxc6 dxc6 5. d3 Bg7 6. h3 Nf6 7. Nc3 Nd7 ({Predecessor:} 7... b6 8. Be3 Nd7 9. Qd2 h6 10. O-O Nf8 11. a4 a5 12. Nh2 {1-0 (43) Hrubcik,M (2087)-Cvak,R (2317) ICCF email 2015}) 8. Be3 e5 9. Qd2 h6 {B31: Sicilian: 2...Nc6 3 Bb5 g6} 10. O-O $146 (10. a3 b6 11. b4 Nf8 12. bxc5 Ne6 13. cxb6 axb6 14. Qc1 f5 15. a4 f4 16. Bd2 O-O 17. Qb2 {0-1 (51) Meier,G (2628)-Caruana,F (2819) Karlsruhe/Baden Baden 2019}) 10... b6 11. a4 a5 {White has an edge.} 12. Nh2 Nf8 13. f4 exf4 14. Bxf4 Ne6 15. Be3 Nd4 16. Rae1 Be6 17. Nf3 Nxf3+ 18. Rxf3 Qd7 19. e5 Bxe5 {[#]} 20. Bxc5 $1 {[%mdl 512]} Bg7 (20... Bd4+ $1 $14 21. Bxd4 Qxd4+ 22. Kh1 O-O-O) (20... bxc5 21. Rxe5) 21. Bxb6 $16 O-O 22. Be3 $1 Kh7 23. Ne4 Bf5 24. Nc5 Qd5 25. c4 Qd6 26. g4 Be6 27. Ne4 Qb8 {[#]} (27... Qd8 {is a better defense.}) 28. Bxh6 $1 $18 Bxh6 29. Nf6+ Kg7 30. g5 Bxg5 31. Qxg5 {Strongly threatening Qh4.} Rh8 32. Ng4 Qa7+ 33. Kg2 Bxg4 {[#]} 34. Qf6+ $1 ({Don't take} 34. Qxg4 $6 Rae8 $14) (34. hxg4 $6 Qd4 $16) 34... Kg8 35. hxg4 Rf8 (35... Rb8 $18 36. b3 Rf8) 36. Rh3 ({Reject} 36. Qxc6 $6 Qb8 $11) ({Only move:} 36. Re7 $16 Qb8 37. Qe5 (37. Rxf7 $2 Qh2+ 38. Kf1 Qh1+ 39. Ke2 Rh2+ 40. Ke3 Qg1+ {[%mdl 64] Double Attack} 41. Rf2 Qe1+ 42. Kd4 Qxf2+ $19)) 36... Rxh3 $11 {The position is equal.} 37. Kxh3 {[%mdl 4096] Endgame Threatening Kg2. KQR-KQR} Qd7 38. Re3 c5 39. Qe5 Qc6 40. Kg3 Qxa4 41. Qxc5 Qd1 42. Rf3 Re8 43. Qa7 Qe1+ 44. Qf2 {Black must now prevent Qxe1.} Qd1 45. Rxf7 {And now Rd7 would win.} Qxd3+ 46. Rf3 Qxc4 {[#]} 47. Qb6 $1 {[%mdl 512]} Qc2 48. Qb7 {Intending Qf7+ and mate.} Qe4 49. Qf7+ Kh8 50. Kh3 Qe6 51. Qc7 Qe1 52. Qd6 Qh1+ 53. Kg3 Qe1+ 54. Kh3 Qh1+ 55. Kg3 Qe1+ 56. Kh3 Qh1+ {Accuracy: White = 90%, Black = 75%.} 1/2-1/2

[Event "9th RTU Open 2019"]
[Site "Riga"]
[Date "2019.08.09"]
[Round "8.7"]
[White "Tari, Aryan"]
[Black "Mammadzada, Gunay"]
[Result "1-0"]
[WhiteElo "2634"]
[BlackElo "2427"]
[Annotator "TA"]
[PlyCount "63"]
[EventDate "2019.08.05"]
[EventType "swiss"]
[EventCountry "LAT"]
[SourceTitle "playchess.com"]
[Source "ChessBase"]
[SourceQuality "1"]

{[%evp 16,63,0,0,0,-11,0,0,8,14,0,0,0,0,20,0,135,135,135,135,135,135,135,135,135,135,133,130,131,131,135,135,180,181,181,185,169,175,173,98,326,329,342,347,537,254,557,543,931,870]} 1. Nf3 c5 2. c4 Nc6 3. d4 cxd4 4. Nxd4 Nf6 5. Nc3 e6 6. g3 Qb6 7. Ndb5 Ne5 8. Bg2 a6 9. Qa4 {aiming for Be3.} Rb8 {A33: Symmetrical English: 2 Nf3 Nf6 3 d4 cxd4 4 Nxd4 e6 5 Nc3 Nc6} 10. Na3 (10. Be3 Bc5 11. Bxc5 Qxc5 12. Qa3 b6 13. Nd6+ Ke7 14. Qxc5 bxc5 15. Nxc8+ Rhxc8 16. b3 d5 17. cxd5 {1-0 (47) Ivanchuk,V (2708)-Saric,I (2685) Mali Losinj 2018}) 10... h5 11. Bf4 $146 ({Predecessor:} 11. O-O h4 12. Bf4 hxg3 13. Bxg3 Rh5 14. Rab1 Qb4 15. Qxb4 Bxb4 16. Na4 b6 17. f4 {½-½ (52) Sasikiran,K (2564)-Schmidt,L (2402) ICCF email 2016}) 11... Nfg4 {The position is equal.} ({Of course not} 11... Qxb2 $6 12. Bxe5 Qxa1+ 13. Kd2 $18) 12. O-O Qxb2 {[%mdl 64] [#] Double Attack} 13. Nab5 Qb4 ({And not} 13... axb5 14. Qa7 $18) 14. Qxb4 Bxb4 15. Rab1 Ba5 (15... Be7 $11 16. Na7 g5 17. Bxe5 Nxe5) 16. Nd6+ $16 {[%mdl 1088] Double Attack. White has strong compensation.} Ke7 17. Nce4 $36 {[%mdl 2048] White is on the roll.} Bc7 18. c5 {Threatens to win with f3.} f6 19. h3 Nh6 20. Bxe5 fxe5 21. Nc4 Nf7 22. Rfc1 h4 23. g4 b5 24. cxb6 Bd8 25. b7 Bxb7 {With the idea ...Bc7.} 26. Nc5 d5 {[#]} 27. Nb6 ({Resist} 27. Nxb7 $6 dxc4 28. Rxc4 Nd6 $16) ({White should play} 27. Na3 $1 $18) 27... Bxb6 $2 (27... Nd6 $16) 28. Rxb6 $18 {[%mdl 64] Double Attack} Rhc8 29. Rxe6+ Kf8 (29... Kd8 $142 30. Nxb7+ Rxb7 31. Rxc8+ Kxc8 32. Bxd5 Rb5) 30. Nd7+ {[%mdl 64] Double Attack} Kg8 31. Rb1 Nd8 32. Rxe5 {Accuracy: White = 94%, Black = 57%.} 1-0

[Event "9th RTU Open 2019"]
[Site "Riga"]
[Date "2019.08.09"]
[Round "8.8"]
[White "Svane, Rasmus"]
[Black "Lagunow, Raphael"]
[Result "1-0"]
[WhiteElo "2610"]
[BlackElo "2427"]
[Annotator "TA"]
[PlyCount "83"]
[EventDate "2019.08.05"]
[EventType "swiss"]
[EventCountry "LAT"]
[SourceTitle "playchess.com"]
[Source "ChessBase"]
[SourceQuality "1"]

{[%evp 24,83,29,30,64,69,51,56,59,62,84,71,83,94,133,147,139,84,302,298,298,287,357,243,232,248,243,239,239,245,231,187,193,54,43,9,4,16,17,17,17,0,59,78,179,156,195,195,696,696,802,747,1304,1093,493,462,5039,4560,5052,3880,5043,3024]} 1. d4 d5 2. c4 e6 3. Nf3 Nf6 4. Nc3 c6 5. Bg5 dxc4 6. e4 b5 7. e5 h6 8. Bh4 g5 9. Nxg5 hxg5 10. Bxg5 Nbd7 11. g3 Bb7 12. Bg2 Qb6 13. exf6 c5 {D44: Semi-Slav: Botvinnik System} (13... O-O-O 14. O-O c5 15. d5 b4 16. Na4 Qb5 17. a3 Nb8 18. axb4 cxb4 19. Qg4 Bxd5 20. Rfc1 Nc6 21. Bxd5 Rxd5 22. Rxc4 Rxg5 23. Qd4 Kb8 24. Rxc6 Rxg3+ 25. fxg3 Qxc6 26. Rd1 Qc7 27. b3 Kc8 28. Qe4 Kb8 {1-0 (65) Ding,L (2778)-Yu,Y (2734) Danzhou 2016}) 14. dxc5 Bxc5 15. O-O $1 O-O-O {White is slightly better.} 16. Qe2 $1 Bxg2 17. Kxg2 Qc6+ 18. f3 Kb7 $146 ({Predecessor:} 18... Bd4 19. Ne4 Nc5 20. Nxc5 Qxc5 21. h4 {1-0 (33) Sokolov,I (2570)-Djukic,Z (2420) Cetinje 1991}) 19. Rad1 e5 {[#]} 20. a4 $1 {[%mdl 512]} b4 $2 (20... bxa4 $16 21. Be3 (21. Qxc4 Rxh2+ 22. Kxh2 Bg1+ {[%mdl 64] Discovered Attack} 23. Kxg1 Qxc4 $15) 21... Bxe3 22. Qxe3 Nxf6 23. Rxd8 (23. Qxe5 Ng4 $17) 23... Rxd8) 21. Ne4 $18 Bd4 22. Rc1 Qe6 23. h4 Rc8 {[#]} 24. Rxc4 $1 {[%mdl 576] Deflection, Decoy} Rxc4 {[#]} 25. Qxc4 $1 {[%mdl 512]} Qxc4 26. Nd6+ {[%mdl 64] Double Attack} Kc6 {( -> ...Qe2+)} 27. Nxc4 Nc5 28. b3 (28. f4 $18) 28... Nxb3 $14 29. Rb1 Kd5 30. Ne3+ Bxe3 $1 31. Bxe3 $11 {[%mdl 4096] Endgame KRB-KRN} Kc4 32. Bxa7 Ra8 (32... Nd2 $11 33. Rd1 Kc3) 33. Be3 $1 $14 Rxa4 (33... Nd4 $16 {keeps fighting.}) 34. h5 Ra8 {[#]} 35. g4 $1 Kc3 $2 (35... Rh8 36. Kf2 Nd4) 36. g5 $18 {White is clearly winning.} Kc2 37. Re1 Nd4 38. g6 Nf5 39. Bc5 b3 (39... fxg6 $142 40. Bxb4 gxh5 41. Rxe5 Nh6 42. Rxh5 Nf7) 40. gxf7 b2 41. Re2+ Kc3 {[#]} 42. Rxb2 $1 {[%mdl 576] Promotion. Accuracy: White = 71%, Black = 26%.} 1-0